=LDR 00000nam 2200000 4500 =001 INLIS00000000000097 =005 20260702043538 =020 ##$$a 978-602-51394-5-1 =082 ##$$a 006.584 =100 1#$$a Uta, Prastiwi =245 1 $$a Seni Mengembangkan Potensi Diri /$c Prastiwi Uta =300 ##$$a 100 ; 14 cm x 21 cm